Parémie v modernom politickom diskurze

Komparatívna analýza pôvodných a aktualizovaných parémií v súčasnom jazyku politiky na Slovensku a v Rusku. Spoločné a osobitné tendencie ich používania. Konkrétne príklady a analýza komunikačných zámerov používania prísloví a porekadiel v politickom kontexte.

Uložené v:
Podrobná bibliografia
Hlavný autor: Dulebová, Irina
Médium: Kapitola
Jazyk:Slovak
Predmet:
Tagy: Pridať tag
Žiadne tagy, Buďte prvý, kto otaguje tento záznam!

MARC

LEADER 00000nla$a2200000$$$4500
001 0128237
005 20240502072450.3
041 0 |a slo 
044 |a SK 
245 1 0 |a Parémie v modernom politickom diskurze  |c Irina Dulebová 
520 |a Komparatívna analýza pôvodných a aktualizovaných parémií v súčasnom jazyku politiky na Slovensku a v Rusku. Spoločné a osobitné tendencie ich používania. Konkrétne príklady a analýza komunikačných zámerov používania prísloví a porekadiel v politickom kontexte. 
610 2 0 |a slovenčina 
610 2 0 |a ruština 
610 2 0 |a jazyky cudzie 
610 2 0 |a komunikácia 
610 2 0 |a politika 
100 1 |a Dulebová, Irina